Billboard Hot 100 #1 Hits of 1969 - Statistics

General Stats
  • This quiz has been taken 5 times
  • The average score is 31 of 52
Answer Stats
Issue Date #1 Hit Artist % Correct
September 20 Sugar, Sugar The Archies
100%
September 27 Sugar, Sugar The Archies
100%
October 4 Sugar, Sugar The Archies
100%
October 11 Sugar, Sugar The Archies
100%
February 1 Crimson and Clover Tommy James and the Shondells
80%
February 8 Crimson and Clover Tommy James and the Shondells
80%
January 4 I Heard It Through the Grapevine Marvin Gaye
80%
January 11 I Heard It Through the Grapevine Marvin Gaye
80%
January 18 I Heard It Through the Grapevine Marvin Gaye
80%
January 25 I Heard It Through the Grapevine Marvin Gaye
80%
July 12 In the Year 2525 Zager and Evans
80%
July 19 In the Year 2525 Zager and Evans
80%
July 26 In the Year 2525 Zager and Evans
80%
August 2 In the Year 2525 Zager and Evans
80%
August 9 In the Year 2525 Zager and Evans
80%
August 16 In the Year 2525 Zager and Evans
80%
April 12 Aquarius/Let the Sunshine In The 5th Dimension
60%
April 19 Aquarius/Let the Sunshine In The 5th Dimension
60%
April 26 Aquarius/Let the Sunshine In The 5th Dimension
60%
May 3 Aquarius/Let the Sunshine In The 5th Dimension
60%
May 10 Aquarius/Let the Sunshine In The 5th Dimension
60%
May 17 Aquarius/Let the Sunshine In The 5th Dimension
60%
May 24 Get Back The Beatles & Billy Preston
60%
May 31 Get Back The Beatles & Billy Preston
60%
June 7 Get Back The Beatles & Billy Preston
60%
June 14 Get Back The Beatles & Billy Preston
60%
June 21 Get Back The Beatles & Billy Preston
60%
December 6 Na Na Hey Hey Kiss Him Goodbye Steam
60%
December 13 Na Na Hey Hey Kiss Him Goodbye Steam
60%
November 29 Come Together / Something The Beatles
40%
March 15 Dizzy Tommy Roe
40%
March 22 Dizzy Tommy Roe
40%
March 29 Dizzy Tommy Roe
40%
April 5 Dizzy Tommy Roe
40%
February 15 Everyday People Sly & the Family Stone
40%
February 22 Everyday People Sly & the Family Stone
40%
March 1 Everyday People Sly & the Family Stone
40%
March 8 Everyday People Sly & the Family Stone
40%
August 23 Honky Tonk Women The Rolling Stones
40%
August 30 Honky Tonk Women The Rolling Stones
40%
September 6 Honky Tonk Women The Rolling Stones
40%
September 13 Honky Tonk Women The Rolling Stones
40%
October 18 I Can't Get Next to You The Temptations
40%
October 25 I Can't Get Next to You The Temptations
40%
December 20 Leaving on a Jet Plane Peter, Paul and Mary
40%
June 28 Love Theme from Romeo and Juliet Henry Mancini
40%
July 5 Love Theme from Romeo and Juliet Henry Mancini
40%
December 27 Someday We'll Be Together Diana Ross & the Supremes
40%
November 1 Suspicious Minds Elvis Presley
40%
November 8 Wedding Bell Blues The 5th Dimension
40%
November 15 Wedding Bell Blues The 5th Dimension
40%
November 22 Wedding Bell Blues The 5th Dimension
40%
No matching quizzes found
Score Distribution
Percent of People with Each Score
Percentile by Number Answered
Your Score History
You have not taken this quiz